| 000 | 00385nam a2200145Ia 4500 | ||
|---|---|---|---|
| 008 | 210210b1973 xxu||||| |||| 00| 0 eng d | ||
| 082 | _a338.9 MATP | ||
| 100 | _aMATHUR (Gautam). | ||
| 245 | _aPlanning for steady growth. | ||
| 260 |
_aBombay _bOxford University Press _c1973 |
||
| 300 | _axviii,386 | ||
| 650 | _aEconomic planning | ||
| 690 | _aEconomic Development | ||
| 906 | _a033260 | ||
| 999 |
_c84405 _d84405 |
||